Online Catalogue and eLibrary

Reproduction in education, society and culture / (Record no. 234)

MARC details
000 -LEADER
fixed length control field 00859cam a2200241 i 4500
001 - CONTROL NUMBER
control field 4599882
005 - DATE AND TIME OF LATEST TRANSACTION
control field 20240130042844.0
008 - FIXED-LENGTH DATA ELEMENTS--GENERAL INFORMATION
fixed length control field 780627s1977 enkaf b 001 0 eng
020 ## - INTERNATIONAL STANDARD BOOK NUMBER
ISBN 0803983190
-- 0803983204
040 ## - CATALOGING SOURCE (பட்டியலாக்க மூலம்)
Original cataloging agency DLC
Transcribing agency DLC
Modifying agency DLC
082 00 - DDC Classification
Class No. 306
DDC Edition Number 22
Item Number - Author Mark REP.
100 1# - MAIN ENTRY--PERSONAL NAME
Personal name Bourdieu, Pierre,
245 10 - TITLE STATEMENT
Title Reproduction in education, society and culture /
Statement of responsibility, etc. Pierre Bourdieu and Jean-Claude Passeron ; translated from the French by Richard Nice ; with a foreword by Tom Bottomore.
260 ## - PUBLICATION, DISTRIBUTION, ETC.
Place of publication, distribution, etc. London ;
-- Beverly Hills :
Name of publisher, distributor, etc. Sage Publications,
Date of publication, distribution, etc. 1977.
300 ## - PHYSICAL DESCRIPTION
Extent (e.g. Volumes, Pages etc.) xxvi, 254 p,
490 0# - SERIES STATEMENT
Series statement Sage studies in social and educational change ; v. 5
500 ## - GENERAL NOTE
General note Translation of La reproduction.
500 ## - GENERAL NOTE
General note Includes index.
650 #0 - SUBJECT ADDED ENTRY--TOPICAL TERM
Topical term or geographic name entry element Educational sociology.
650 #0 - SUBJECT ADDED ENTRY--TOPICAL TERM
Topical term or geographic name entry element Education
700 1# - ADDED ENTRY--PERSONAL NAME
Personal name Passeron, Jean Claude,
Relator term (Role)
942 ## - Koha item type (Biblio)
Koha item type Books in Stacks (Lending)
Holdings
Lost status Damaged status Collection code Home library Current library Date acquired Full call number Accession Number Item type
    Lending WERC Library WERC Library 01/30/2024 306 REP. 1016 Books in Stacks (Lending)

© WERC Library